| 000 | 00803 a2200205 4500 | ||
|---|---|---|---|
| 001 | 48621 | ||
| 005 | 20260407155751.0 | ||
| 008 | 260407a1994 arg spa d | ||
| 003 | AR-UNSa-BCEJYS | ||
| 040 |
_aAR-UNSa-BCEJYS _bspa _cAR-UNSa-BCEJYS |
||
| 080 |
_a512/517 _xAlgebra/Análisis |
||
| 245 | 1 | 0 | _aIntroducción didáctica al análisis matemático |
| 020 | _a950-9414-44-1 | ||
| 264 | 1 |
_aSan Miguel de Tucumán : _bEdiciones El Graduado _c1994 |
|
| 300 |
_a290 p. _c23 cm. |
||
| 505 | _a1. Geometría analítica plana - 2. Relaciones y funciones - 3. Límites - 4. Funciones continuas y discontinuas - 5. Derivadas - 6. Algunas aplicaciones de la derivada - 7. Funciones crecientes y decrecientes - | ||
| 942 | _cBK | ||
| 590 | _aniveau_biblio:m niveau_hierar:0 | ||
| 100 | 1 | _aLezana, Blanca E. | |
| 999 |
_c4649 _d4649 |
||